00421 a2200097 4500001001000000005001700010008004100027245010900068100002600177773012000203ART_2345420260410161918.0260409a 10aEstrategias no tradicionales de inclusión laboral de jóvenes en el dominio de la contabilidad social1 aPiacquadío, Cecilia0 tDocumentos de trabajo de contabilidad, auditoría y responsabilidad socialg- Año 3, Nº 5 (jun. 2013)wREV14385